| 000 | 00371 a2200169 4500 | ||
|---|---|---|---|
| 000 | nam a22 7a 4500 | ||
| 001 | 1943 | ||
| 005 | 20260412170922.0 | ||
| 020 | _a9780393697011 | ||
| 100 | _aMC Graw | ||
| 110 | _aMC Graw | ||
| 245 | _aUS History, Student edition | ||
| 250 | _a1st | ||
| 260 |
_bHill Education _c2020 |
||
| 264 |
_bHill Education _c2020 |
||
| 942 | _cBK | ||
| 999 |
_c1943 _d1943 |
||